000 00603nam a2200217 a 4500
001 10927
003 CO-ViMGA
008 141112s2004 ck r 000 u spa d
020 _a958612262X
040 _aCO-ViMGA
_bspa
_cCO-ViMGA
082 0 4 _a174.97 C63
100 1 _aInstituto Colombiano de Cultura,
_915006
245 1 0 _aCódigo de ética profesional de los museos
250 _a1
260 _aBogotá,
_cMuseo Nacional de Colombia,
_c1997
300 _a54 p.
650 1 4 _aética PROFESIONAL
650 1 4 _aMUSEOLOGOS - ética PROFESIONAL
_915007
650 1 4 _aMUSEOS
_98973
942 _2ddc
_cBK
999 _c22146
_d22146